000 00550nam a2200169 4500
003 LK-CoMWRAF
005 20240118140654.0
008 231214b |||||||| |||| 00| 0 eng d
020 _a9789558698082
040 _aLK-CoMWRAF
_dLK-CoMWRAF
_eLK-CoMWRAF
041 _asin
082 _a305.23
_bMAG
245 _aමගේ මතයටත් පුංචි ඉඩක්
246 _aMage mathayatath punchi idak
260 _aකොළඹ :
_bමානව හිමිකම් අධ්‍යයන කේන්ද්‍රය
_c2007
942 _cBK
999 _c4450
_d4450